Land acquisition a paradigm shift (Record no. 241326)

MARC details
000 -LEADER
fixed length control field 02174nam a22002297a 4500
005 - DATE AND TIME OF LATEST TRANSACTION
control field 20260515115421.0
008 - FIXED-LENGTH DATA ELEMENTS--GENERAL INFORMATION
fixed length control field 260422b |||||||| |||| 00| 0 eng d
040 ## - CATALOGING SOURCE
Transcribing agency AL
041 ## - LANGUAGE CODE
Language code of text/sound track or separate title eng
082 ## - DEWEY DECIMAL CLASSIFICATION NUMBER
Classification number 346.043
Item number BIRL
100 ## - MAIN ENTRY--PERSONAL NAME
Personal name S G Biradar
100 ## - MAIN ENTRY--PERSONAL NAME
9 (RLIN) 263997
245 ## - TITLE STATEMENT
Title Land acquisition a paradigm shift
260 ## - PUBLICATION, DISTRIBUTION, ETC.
Place of publication, distribution, etc. Dharwad
Name of publisher, distributor, etc. Birsons Enterprises and Consultancy Services
Date of publication, distribution, etc. 2018
300 ## - PHYSICAL DESCRIPTION
Extent xxvi,389p
Other physical details HB
Dimensions 22.5x14.5cm
365 ## - TRADE PRICE
Source of price type code Law
Price type code 1343
Price amount ₹487.50
Currency code
Unit of pricing ₹650.00
Price note 25%
Price effective from 14-03-2026
520 ## - SUMMARY, ETC.
Summary, etc. The "paradigm shift" referenced in the title refers to the transition from the colonial-era Land Acquisition Act of 1894 to the modern Right to Fair Compensation and Transparency in Land Acquisition, Rehabilitation and Resettlement Act, 2013 (LARR Act). <br/>International Journal of Law<br/>Fair Compensation: Biradar's work explores the determination of compensation and the legal guarantee of rights for project-affected families, which was often missing or outdated under previous laws.<br/>Karnataka Context: The text is frequently cited in the Karnataka State Law University (KSLU) syllabus for LL.B. students, particularly for units covering the Karnataka Land Revenue Act, 1964 and related local amendments.<br/>Launch and Recognition: The book was officially launched at the KAS Officers Association in January 2019. <br/>KSLU<br/>KSLU<br/> +8<br/>Would you like to explore specific sections of the Karnataka Land Revenue Act or more details on the SIA process mentioned in Biradar's work?<br/>International Journal of Law<br/> +1<br/>Key Concepts and Context<br/>Legislative Shift: The book discusses how the 2013 Act replaced the 1894 Act, moving from a government-centric "eminent domain" model to a more participative and transparent process.<br/>Mandatory Social Impact Assessment (SIA): A major focus is the requirement for an expert committee to conduct an SIA before any land notification, ensuring a "humane and participative" approach.
650 ## - SUBJECT ADDED ENTRY--TOPICAL TERM
Source of heading or term a
Topical term or geographic name entry element Novelty and Dynamism
9 (RLIN) 262291
650 ## - SUBJECT ADDED ENTRY--TOPICAL TERM
Topical term or geographic name entry element Offences and Penalties
9 (RLIN) 262292
650 ## - SUBJECT ADDED ENTRY--TOPICAL TERM
Topical term or geographic name entry element Resettlement Authority
9 (RLIN) 262293
650 ## - SUBJECT ADDED ENTRY--TOPICAL TERM
Topical term or geographic name entry element New Law relating to land acquisition rehabilitation and resettlement
9 (RLIN) 262294
942 ## - ADDED ENTRY ELEMENTS (KOHA)
Source of classification or shelving scheme Dewey Decimal Classification
Koha item type Book
Holdings
Withdrawn status Lost status Source of classification or shelving scheme Damaged status Not for loan Collection code Home library Current library Date acquired Source of acquisition Cost, normal purchase price Total Checkouts Full call number Barcode Date last seen Cost, replacement price Price effective from Koha item type
    Dewey Decimal Classification     Law St Aloysius Law Library St Aloysius Law Library 04/16/2026 MPP House Bengaluru-560009 487.50   346.043 BIRL LL002594 04/22/2026 650.00 03/14/2026 Book
    Dewey Decimal Classification     Law St Aloysius Law Library St Aloysius Law Library 04/16/2026 MPP House Bengaluru-560009 487.50   346.043 BIRL LL002595 04/22/2026 650.00 03/14/2026 Book
    Dewey Decimal Classification     Law St Aloysius Law Library St Aloysius Law Library 04/16/2026 MPP House Bengaluru-560009 487.50   346.043 BIRL LL002596 04/22/2026 650.00 03/14/2026 Book